Chelsea Squad 2022/23 Season - Statistics

General Stats
  • This quiz has been taken 47 times
  • The average score is 22 of 31
Answer Stats
Shirt No. Nation Position Answer % Correct
1 Spain GK Kepa
97%
6 Brazil DEF Thiago Silva
97%
7 France MID Kante
92%
16 Senegal GK Mendy
89%
10 USA ATT Pulisic
89%
9 Gabon ATT Aubameyang
87%
29 Germany ATT Havertz
84%
26 Senegal DEF Koulibaly
84%
8 Croatia MID Kovacic
84%
19 England MID Mount
84%
24 England DEF Reece James
84%
22 Morocco ATT Ziyech
84%
28 Spain DEF Azpilicueta
82%
33 French DEF Fofana
79%
15 Ukraine ATT Mudryk
79%
21 England DEF Chillwell
76%
11 Portugal ATT Joao Felix
76%
18 Albania ATT Broja
71%
32 Spain DEF Cucurella
71%
27 Ivory Coast ATT Fofana
68%
17 England ATT Sterling
68%
12 England MID Ruben Loftus-Cheek
63%
20 Switzerland MID Zakaria
63%
14 England DEF Chalobah
61%
23 England MID Gallagher
61%
4 French DEF Badiashile
58%
5 Argentina MID Enzo Fernandes
47%
13 England GK Bettinelli
45%
36 USA GK Slonina
45%
31 England ATT Madueke
32%
30 England MID Chukwuemeka
18%
No matching quizzes found
Score Distribution
Percent of People with Each Score
Percentile by Number Answered
Your Score History
You have not taken this quiz